000 00291nam a22001337a 4500
008 170912b xxu||||| |||| 00| 0 eng d
020 _a0471035408
041 _aeng
080 _a53
100 _a43
101 _aFIZ
245 _aAPPLICATIONS OF MAGNETISM
_cWATSON,J,K
942 _2udc
_cBK
999 _c27282
_d27282